000 00322nam a22001337a 4500
082 _a894.812
_bVEN/N
100 _aVENNIYUR, RASHEED
245 _aNJAN ARINJA M. T
246 _aNJAN ARINJA M. T
_bNJAN ARINJA M. T
260 _aCALICUT
_bMANDHARAM
_c2025
300 _a162
650 _aMALAYALAM LITERATURE
942 _cBK
999 _c9080
_d9080